Summa theologiae : v. 5 : supplementum, indices /

Պահպանված է:
Մատենագիտական մանրամասներ
Հիմնական հեղինակ: Aquino, Tomás de, Santo (autor)
Ձևաչափ: Գիրք
Լեզու:լատիներեն
Հրապարակվել է: Madrid, España : editorial catolica, 1958
Ցուցիչներ: Ավելացրեք ցուցիչ
Չկան պիտակներ, Եղեք առաջինը, ով նշում է այս գրառումը!

MARC

LEADER 00000nam^a2200000^a^4500
001 000567946
005 20250521000000.0
009 20260310132138.231
037 |a Acervo Xavier Clavigero 
041 |a LAT 
091 |a FPA. 02088 
100 |a Aquino, Tomás de,  |c Santo  |e (autor) 
245 1 0 |a Summa theologiae :  |b v. 5 : supplementum, indices / 
264 1 |a Madrid, España :  |b editorial catolica,  |c 1958 
300 |a XX, 630, 385 p. 
336 |a texto  |b txt  |2 rdacontenido 
337 |a sin mediación  |b n  |2 rdamedio 
338 |a volumen  |b nc  |2 rdasoporte 
649 |a XX 
910 |a Fondo José Ignacio Palencia Gómez S.J. 
920 |a Impresos - Libros 
930 |a Fondos Especiales 
905 |a 137 
901 |a 0500359771  |b IT2  |c ESL  |i D  |u 20250521 
902 |a https://opac.biblio.iteso.mx/vufind/Record/000567946